[Event "Oslo Chess Festival 2017"]
[Site "Oslo"]
[Date "2017.09.30"]
[Round "2"]
[White "Zhao, Shengxin"]
[Black "Ostenstad, Berge"]
[Result "0-1"]
[WhiteElo "2113"]
[BlackElo "2447"]
[Annotator "TA"]
[PlyCount "82"]
[EventDate "2017.??.??"]
[EventType "swiss"]
[EventCountry "NOR"]
[SourceTitle "playchess.com"]
[Source "ChessBase"]
[SourceQuality "1"]

{[%evp 17,82,66,98,70,74,80,84,60,108,26,35,0,0,-17,0,0,0,0,14,-24,-24,-26,-30,-37,-13,-31,-35,-52,-42,-87,-47,-41,-32,-46,-46,-46,-54,-49,-60,-75,-59,-86,-76,-119,-111,-99,-96,-141,-90,-141,-100,-162,-144,-139,-106,-101,-100,-241,-239,-241,-250,-232,-239,-487,-486,-712,-704]} 1. d4 Nf6 2. c4 c5 3. d5 e5 4. Nc3 d6 5. e4 Nbd7 6. Be2 {A56: Altindisch (siehe auch A43, 44)} (6. Bd3 Be7 7. Be3 O-O 8. g4 g6 9. h3 Ne8 10. Nf3 Ndf6 11. Qc2 Bd7 12. a3 Kh8 13. b4 b6 14. bxc5 bxc5 {1-0 (45) Le,Q (2739)-Aronian,L (2799) Saint Louis 2017}) 6... a6 7. a4 Be7 8. Nf3 O-O 9. O-O Ne8 {LiveBook: 4 Partien} 10. Be3 g6 11. Qd2 Ng7 12. Bh6 Kh8 13. Ng5 $146 ({Lieber} 13. Rfd1 $16) ({Vorgänger:} 13. Ne1 f5 14. exf5 gxf5 {0-1 (62) Kraidman,Y (2405)-Schussler,H (2485) Gausdal 1983}) 13... Nf6 $11 14. f4 {[#] Und fxe5 würde nun gewinnen.} Ng8 {[%cal Bf6g8,Bg8h6,Bh6f7,Bf7g5][%mdl 32]} 15. Bxg7+ $1 Kxg7 16. Nf3 exf4 17. Qxf4 f6 18. Nd1 {[%cal Bc3d1,Bd1f2,Bf2d3][%mdl 32]} Nh6 19. Nf2 Nf7 20. Nd3 Bd7 21. Qg3 Qa5 22. Nh4 Ng5 $1 {[%cal Rg5e4]} 23. Qf4 Qc7 24. Bg4 b5 25. Bxd7 Qxd7 26. axb5 axb5 27. b3 $1 bxc4 28. bxc4 Ra4 29. Rfc1 Rfa8 30. Rxa4 Qxa4 ({Viel schwächer wäre} 30... Rxa4 $6 31. Nf3 $11) 31. Nf3 Qb3 $36 {[%mdl 2048] Schwarz bestimmt, wo es lang geht.} 32. Nf2 Qb2 (32... h5 $142 33. h3 Ra2) 33. Rf1 (33. Nd3 $142 Nxf3+ 34. Qxf3 Qd4+ 35. Nf2) 33... Ra1 $17 34. h4 (34. Nxg5 $17 fxg5 35. Qg4) 34... Rxf1+ 35. Kxf1 Nxf3 36. gxf3 Qc2 37. Qg4 (37. Kg2 $17) 37... Qxc4+ $19 38. Kg2 {[#]} f5 $1 {[%cal Rf5g4][%mdl 512]} 39. exf5 Qxg4+ ({Finger weg von} 39... Qxd5 40. fxg6 hxg6 41. Qd7) 40. fxg4 $2 (40. Nxg4 {war die einzige Verteidigung.} gxf5 41. Ne3) 40... gxf5 41. Kf3 (41. g5 $142 h6 42. gxh6+ Kxh6 43. Nd1) 41... Bxh4 {Precision: Weiß = 28%, Schwarz = 70%.} 0-1

[Event "Oslo Chess Festival 2017"]
[Site "Oslo"]
[Date "2017.09.30"]
[Round "2"]
[White "Sjoberg, Isak"]
[Black "Djurhuus, Rune"]
[Result "0-1"]
[WhiteElo "2078"]
[BlackElo "2417"]
[Annotator "TA"]
[PlyCount "82"]
[EventDate "2017.??.??"]
[EventType "swiss"]
[EventCountry "NOR"]
[SourceTitle "playchess.com"]
[Source "ChessBase"]
[SourceQuality "1"]

{[%evp 9,82,11,53,35,47,60,42,44,46,17,25,25,34,19,36,-8,43,-49,-49,-75,-82,-128,-100,-113,-124,-172,-175,-161,-148,-210,-179,-279,-270,-275,-275,-287,-274,-354,-351,-363,-347,-365,-372,-380,-370,-344,-323,-331,-322,-332,-309,-328,-338,-397,-400,-393,-383,-397,-392,-376,-367,-407,-404,-498,-411,-503,-443,-433,-430,-502,-476,-554,-552,-548,-543]} 1. e4 c5 2. Nf3 Nc6 3. Bb5 g6 4. O-O Bg7 5. d3 Qb6 {LiveBook: 3 Games} (5... d6 6. Re1 Qb6 7. Nc3 Bxc3 8. Bxc6+ Qxc6 9. bxc3 e5 10. d4 f6 11. Nd2 Ne7 12. dxe5 dxe5 13. Nc4 {1-0 (23) Zvjaginsev,V (2649)-Antipov,M (2580) Sochi 2017}) 6. Nc3 {B31: Sicilian: 2...Nc6 3 Bb5 g6} Bxc3 7. Bxc6 $1 Bg7 8. Ba4 {White is slightly better.} Nf6 {[%cal Bg8f6,Bf6d5,Bd5c7,Bc7e6][%mdl 32]} 9. a3 $146 ({Predecessor:} 9. Re1 O-O 10. e5 Ng4 11. h3 Nh6 12. d4 d5 13. Bg5 {1-0 (32) Flores Gutierrez,C (2375)-Milher,A (2440) Argentina 1998}) 9... O-O 10. e5 Nd5 11. c4 Nc7 12. b4 d6 (12... Ne6 $1 $11) 13. Rb1 (13. Bg5 $14) 13... dxe5 $15 14. Be3 Ne6 15. bxc5 Qc7 16. c6 bxc6 17. Qc1 Rd8 18. Rd1 c5 19. Kf1 (19. Ng5 $17) 19... Bb7 20. Ng1 (20. Ng5 {was necessary.}) 20... e4 $19 21. dxe4 Bxe4 22. Bc2 Bc6 23. g3 Nd4 24. Bxd4 cxd4 ({Don't do} 24... Rxd4 25. Qe3 $19) ({Don't play} 24... Bxd4 25. Qf4 $19) 25. Bd3 e5 {[%cal Be7e5,Be5e4][%mdl 32]} 26. Re1 f5 {And now ...e4 would win.} 27. c5 e4 28. Bc4+ Kh8 {[%cal Bg8h8,Bh8g7,Bg7h6][%mdl 32]} 29. Nh3 d3 30. Rd1 Qe7 31. Qg5 Bf6 32. Qh6 Qg7 33. Qxg7+ Kxg7 34. Nf4 Rd7 35. Ne6+ Kh6 36. Bb5 Rc8 37. Nf4 g5 {Black is clearly winning.} 38. Ng2 Kg6 39. Ne3 Bd4 40. Nc4 Bxb5 41. Rxb5 Kf6 {Precision: White = 35%, Black = 76%.} 0-1

[Event "Oslo Chess Festival 2017"]
[Site "Oslo"]
[Date "2017.09.30"]
[Round "2"]
[White "Ingebretsen, Jens E"]
[Black "Vogt, Lothar"]
[Result "1-0"]
[WhiteElo "2062"]
[BlackElo "2401"]
[Annotator "NA"]
[PlyCount "109"]
[EventDate "2017.??.??"]
[EventType "swiss"]
[EventCountry "NOR"]
[SourceTitle "playchess.com"]
[Source "ChessBase"]
[SourceQuality "1"]
[TimeControl "5400+30"]

{[%evp 10,71,12,12,32767,8,2,10,11,16,18,6,22,33,33,0,33,-14,-35,-31,-46,32767,32767,-137,-125,-222,-215,-196,-221,-208,-161,-172,-134,-133,29,32767,39,18,41,2,8,19,6,-18,203,197,201,195,379,32767,378,382,377,32767,419,425,407,424,382,32767,375,439,32767,440]} 1. e4 {[%emt 0:00:09]} c5 {[%emt 0:00:02]} 2. Nf3 {[%emt 0:00:09]} Nc6 {[%emt 0:00:24]} 3. Bb5 {[%emt 0:00:09]} d6 {[%emt 0:00:16]} 4. d4 {[%emt 0:00:08]} cxd4 {[%emt 0:00:06]} 5. Qxd4 {[%emt 0:00:07]} Bd7 {[%emt 0:00:58]} 6. Qd3 {[%emt 0:00:07]} g6 {[%emt 0:04:36]} 7. c4 {[%emt 0:00:17]} Bg7 {[%emt 0:00:48]} 8. O-O {[%emt 0:01:20]} Nf6 {[%emt 0:00:09]} 9. Nc3 {[%emt 0:01:03]} O-O {[%emt 0:00:08]} 10. h3 {[%emt 0:00:52]} a6 {[%emt 0:05:51]} 11. Bxc6 {[%emt 0:00:15]} Bxc6 {[%emt 0:00:22]} 12. Be3 {[%emt 0:00:55] LiveBook: 29 Games} Qa5 {[%emt 0:17:35] B53: Sicilian: 2...d6: Lines with Qxd4} 13. a4 $146 {[%emt 0:13:38]} ({Predecessor:} 13. Nd4 Rfc8 14. a3 Nd7 15. Rac1 Nc5 16. Qb1 Bxd4 17. Bxd4 Nb3 18. Rcd1 Nxd4 19. Rxd4 b5 20. cxb5 Bxb5 21. Rc1 Bc4 22. Nd5 {½-½ (22) Roiz,M (2651)-Alterman,B (2570) Israel 2012}) 13... Nd7 {[%emt 0:03:52]} 14. Nd4 {[%emt 0:04:25]} Ne5 {[%emt 0:09:27]} 15. Qe2 {[%emt 0:05:38]} Qb4 {[%emt 0:00:02]} 16. f4 {[%emt 0:10:38]} (16. Nd5 $15 Bxd5 17. cxd5) 16... Nxc4 {[%emt 0:00:36]} 17. Na2 {[%emt 0:02:27]} (17. Bf2 $17 {is a better defense.}) 17... Qxb2 {[%emt 0:02:09]} 18. Qxc4 {[%emt 0:03:15]} Bxe4 {[%emt 0:00:04]} 19. Nf3 {[%emt 0:14:46]} Bxf3 {[%emt 0:02:14]} 20. gxf3 {[%emt 0:02:03]} Rac8 {[%emt 0:01:42]} 21. Qd3 {[%emt 0:05:05]} Rc2 $2 {[%emt 0:02:13]} (21... d5 $17 22. Rfb1 Qf6) 22. Rfb1 {[%emt 0:01:50]} Rg2+ {[%emt 0:04:51]} 23. Kf1 {[%emt 0:00:24]} Qc2 {[%emt 0:00:53]} 24. Nb4 {[%emt 0:13:48]} Qxd3+ {[%emt 0:00:38]} 25. Nxd3 {[%emt 0:00:02]} Rg3 $1 {[%emt 0:02:07]} 26. Ra2 {[%emt 0:02:46]} b5 $2 {[%emt 0:03:27]} (26... Rxf3+ $11 {and Black stays safe.} 27. Ke2 Rxh3) 27. axb5 {[%emt 0:01:27]} axb5 {[%emt 0:00:03] [#]} 28. Rh2 $1 {[%emt 0:00:09]} g5 $2 {[%emt 0:06:20]} (28... h5 29. Rxb5 Ra8) 29. Kf2 {[%emt 0:03:40]} gxf4 {[%emt 0:01:09]} 30. Nxf4 {[%emt 0:00:30]} Rg5 {[%emt 0:02:13]} 31. Ne6 {[%emt 0:01:02]} Rd5 {[%emt 0:01:01]} 32. Nxf8 {[%emt 0:00:38]} Kxf8 {[%emt 0:00:04]} 33. Rhh1 {[%emt 0:04:03]} Bc3 {[%emt 0:00:59]} 34. Rhd1 {[%emt 0:01:19]} Rh5 {[%emt 0:01:28]} 35. Kg2 {[%emt 0:00:26]} b4 {[%emt 0:01:00]} 36. Bd2 $18 {[%emt 0:01:27]} Rc5 {[%emt 0:06:18]} 37. Bxc3 {[%emt 0:03:40]} bxc3 {[%emt 0:00:03]} 38. Rbc1 {[%emt 0:01:00]} Rg5+ {[%emt 0:00:58]} 39. Kh2 {[%emt 0:00:21]} d5 {[%emt 0:00:55]} 40. Rxc3 {[%emt 0:00:47]} e6 {[%emt 0:00:02]} 41. Rg1 {[%emt 0:00:48]} Rf5 {[%emt 0:00:16]} 42. Rg4 {[%emt 0:00:52]} h5 {[%emt 0:01:08]} 43. Rg1 {[%emt 0:01:06]} d4 {[%emt 0:00:59]} 44. Rd3 {[%emt 0:00:50]} e5 {[%emt 0:00:02]} 45. Ra1 {[%emt 0:00:45]} Kg7 {[%emt 0:01:30]} 46. Ra6 {[%emt 0:00:45]} f6 {[%emt 0:00:17]} 47. Ra8 {[%emt 0:01:11]} Rf4 {[%emt 0:00:38]} 48. Kg2 {[%emt 0:00:51]} Kg6 {[%emt 0:01:02]} 49. Rg8+ {[%emt 0:00:17]} Kh7 {[%emt 0:00:50]} 50. Rg3 {[%emt 0:00:46]} f5 {[%emt 0:01:12]} 51. Ra3 {[%emt 0:00:34]} e4 {[%emt 0:01:57]} 52. Ra7+ {[%emt 0:00:26]} Kh6 {[%emt 0:00:46]} 53. Ra6+ {[%emt 0:00:28]} Kh7 {[%emt 0:00:05]} 54. fxe4 {[%emt 0:00:31]} fxe4 {[%emt 0:00:02]} 55. Ra4 {[%emt 0:00:10]} 1-0

[Event "Oslo Chess Festival 2017"]
[Site "Oslo"]
[Date "2017.09.30"]
[Round "2"]
[White "Federovski, Adi"]
[Black "Haug, Johannes"]
[Result "0-1"]
[WhiteElo "2030"]
[BlackElo "2379"]
[Annotator "NA"]
[PlyCount "62"]
[EventDate "2017.??.??"]
[EventType "swiss"]
[EventCountry "NOR"]
[SourceTitle "playchess.com"]
[Source "ChessBase"]
[SourceQuality "1"]
[TimeControl "5400+30"]

{[%evp 8,52,12,22,32767,13,32767,16,41,32767,19,19,34,13,36,26,32767,24,38,49,39,-15,0,32767,32767,0,-4,-54,-52,-89,-92,-125,-114,-99,32767,32767,-126,-130,32767,32767,-143,-133,32767,-149,-127,-167,-158]} 1. e4 {[%emt 0:00:05]} c6 {[%emt 0:06:16]} 2. Nc3 {[%emt 0:00:42]} d5 {[%emt 0:00:09]} 3. Nf3 {[%emt 0:00:14]} Bg4 {[%emt 0:00:42]} 4. h3 {[%emt 0:00:35]} Bxf3 {[%emt 0:00:36]} 5. Qxf3 {[%emt 0:00:10]} e6 {[%emt 0:00:05]} 6. Be2 {[%emt 0:01:34]} Nf6 {[%emt 0:03:11] B11: Caro-Kann: Two Knights Variation} (6... Bc5 7. O-O Ne7 8. Na4 Bd6 9. d4 dxe4 10. Qxe4 Nd7 11. Rd1 O-O 12. Qf3 Qa5 13. Nc3 Nf6 14. Ne4 Nxe4 15. Qxe4 {1-0 (57) Vachier Lagrave,M (2796)-Mamedyarov,S (2800) Paris 2017}) 7. O-O {[%emt 0:00:30]} Bc5 {[%emt 0:04:57] LiveBook: 14 Games} 8. Rd1 {[%emt 0:08:37]} Bd4 {[%emt 0:01:54]} 9. d3 {[%emt 0:10:08]} O-O {[%emt 0:05:06]} 10. Bf4 $146 {[%emt 0:15:08]} ({Predecessor:} 10. Nb1 Nbd7 11. c3 Bb6 12. Bf4 Bc7 13. Nd2 Qb8 14. Bxc7 Qxc7 15. d4 Nxe4 16. Nxe4 dxe4 17. Qxe4 {½-½ (62) Yemelin,V (2564)-Yevseev,D (2525) St Petersburg 2007}) 10... Nbd7 {[%emt 0:05:02]} 11. Qg3 {[%emt 0:06:31]} Qb6 {[%emt 0:10:15]} 12. Rab1 {[%emt 0:05:06]} e5 {[%emt 0:09:32]} 13. Bg5 {[%emt 0:06:16]} Kh8 {[%emt 0:07:54]} 14. Rf1 {[%emt 0:03:08]} h6 {[%emt 0:02:49]} 15. Bd2 {[%emt 0:03:06]} Qc5 {[%emt 0:04:11]} 16. b4 {[%emt 0:05:55]} Qe7 {[%emt 0:01:50]} 17. Nd1 {[%emt 0:04:35]} (17. exd5 $11 cxd5 18. Nb5) 17... dxe4 {[%emt 0:01:50]} 18. Ne3 {[%emt 0:02:30]} Qe6 {[%emt 0:00:55]} 19. Rb3 {[%emt 0:04:26]} Rad8 {[%emt 0:02:02]} 20. Qh4 {[%emt 0:01:28]} exd3 {[%emt 0:04:14]} 21. Bxd3 {[%emt 0:00:49]} e4 {[%emt 0:02:52]} 22. Bc4 {[%emt 0:02:39]} Qe5 {[%emt 0:00:46]} 23. Bc1 {[%emt 0:07:13]} Kh7 {[%emt 0:05:35]} 24. Ng4 {[%emt 0:02:26]} Nxg4 {[%emt 0:00:43]} 25. hxg4 {[%emt 0:00:33]} g5 {[%emt 0:00:55]} 26. Qh3 {[%emt 0:01:58]} Nb6 $17 {[%emt 0:01:57]} 27. Be2 {[%emt 0:05:19]} Nd5 {[%emt 0:00:11]} 28. Bd1 {[%emt 0:02:12]} Nc3 {[%emt 0:03:46]} 29. Kh1 {[%emt 0:00:32]} Qf6 {[%emt 0:01:46]} 30. Be3 {[%emt 0:00:31]} Bxe3 {[%emt 0:01:02]} 31. Qxe3 {[%emt 0:00:27]} Nxd1 {[%emt 0:00:21]} 0-1

[Event "Oslo Chess Festival 2017"]
[Site "Oslo"]
[Date "2017.09.30"]
[Round "2"]
[White "Lindbol, Aleksander"]
[Black "Devereaux, Maxim L"]
[Result "0-1"]
[WhiteElo "2006"]
[BlackElo "2357"]
[Annotator "NA"]
[PlyCount "142"]
[EventDate "2017.??.??"]
[EventType "swiss"]
[EventCountry "NOR"]
[SourceTitle "playchess.com"]
[Source "ChessBase"]
[SourceQuality "1"]
[TimeControl "5400+30"]

1. c4 {[%emt 0:00:06]} e5 {[%emt 0:00:10]} 2. g3 {[%emt 0:00:13]} Nf6 {[%emt 0:00:14]} 3. Bg2 {[%emt 0:00:29]} c6 {[%emt 0:00:07]} 4. e4 {[%emt 0:05:24] A20: English Opening: 1...e5} (4. Nf3 e4 5. Nd4 Qb6 6. e3 d5 7. Nc3 Bg4 8. f3 exf3 9. Bxf3 Bxf3 10. Qxf3 dxc4 11. b3 cxb3 12. O-O Nbd7 13. axb3 {0-1 (34) Aronian,L (2799)-Caruana,F (2807) Saint Louis 2017}) 4... Bc5 {[%emt 0:01:10]} 5. Nc3 {[%emt 0:01:24]} d6 {[%emt 0:02:02] LiveBook: 3 Games} 6. Nge2 {[%emt 0:01:46]} Be6 {[%emt 0:04:31]} 7. d3 {[%emt 0:01:27]} Ng4 {[%emt 0:01:30]} 8. O-O {[%emt 0:17:22]} Qf6 $146 {[%emt 0:06:21]} ({Predecessor:} 8... f5 9. h3 Nf6 10. exf5 Bxf5 11. d4 Bb6 12. dxe5 dxe5 {1-0 (35) Macko,M (2123)-Miciak,M (2083) Slovakia 2013}) 9. Qe1 $1 {[%emt 0:02:23]} h5 {[%emt 0:02:08]} 10. h4 {[%emt 0:03:43]} a6 {[%emt 0:04:33]} ({Black should try} 10... a5 $11) 11. Na4 {[%emt 0:15:46]} Nd7 {[%emt 0:10:29]} (11... Qe7 $14) 12. Bg5 {[%emt 0:12:46]} (12. Nxc5 $16 Nxc5 13. Qd1) 12... Qg6 {[%emt 0:00:50]} (12... Bxf2+ $14 13. Rxf2 Qxf2+ 14. Qxf2 Nxf2 15. Kxf2 b5) 13. Nxc5 {[%emt 0:00:20]} Nxc5 $16 {[%emt 0:00:56]} 14. Qc3 {[%emt 0:00:45]} f6 {[%emt 0:01:53]} 15. Bd2 {[%emt 0:00:21]} a5 {[%emt 0:10:19]} 16. f3 {[%emt 0:06:38]} Nh6 {[%emt 0:00:29]} 17. Be3 {[%emt 0:00:08]} Qf7 {[%emt 0:01:42]} 18. b3 {[%emt 0:01:42]} Qc7 {[%emt 0:11:06]} 19. Rfd1 {[%emt 0:04:14]} Nf7 {[%emt 0:02:15]} 20. Rac1 {[%emt 0:02:02]} Na6 {[%emt 0:07:58]} 21. d4 {[%emt 0:02:08]} c5 {[%emt 0:01:00]} 22. dxc5 {[%emt 0:02:01]} dxc5 {[%emt 0:00:49]} 23. Qb2 {[%emt 0:00:32]} O-O {[%emt 0:07:36]} 24. Rd2 {[%emt 0:06:20]} (24. Nc3 $16) 24... Rfd8 {[%emt 0:01:19]} 25. Nc3 {[%emt 0:00:26]} b6 {[%emt 0:02:19]} 26. Rcd1 {[%emt 0:01:16]} Nb4 {[%emt 0:04:07]} 27. Nd5 {[%emt 0:06:51]} Qa7 {[%emt 0:02:36]} 28. a4 {[%emt 0:01:56]} Nc6 {[%emt 0:00:27]} 29. Rc1 {[%emt 0:01:00]} Rac8 {[%emt 0:00:27]} 30. Kh2 {[%emt 0:01:09]} Nd4 {[%emt 0:05:08]} 31. Qa3 {[%emt 0:00:07]} Bxd5 {[%emt 0:01:22]} 32. cxd5 {[%emt 0:00:13]} Rc7 {[%emt 0:01:27]} 33. Qb2 {[%emt 0:00:45]} Re7 {[%emt 0:00:54]} 34. Re1 {[%emt 0:00:58]} Qc7 {[%emt 0:00:49]} 35. Rc1 {[%emt 0:00:28]} Qd6 {[%emt 0:00:16]} 36. Re1 {[%emt 0:00:34]} Rf8 {[%emt 0:00:45]} 37. Qa3 {[%emt 0:00:22]} f5 {[%emt 0:02:19]} 38. f4 {[%emt 0:01:43]} fxe4 {[%emt 0:02:14]} 39. fxe5 {[%emt 0:00:02]} Rxe5 {[%emt 0:01:16]} 40. Bxd4 {[%emt 0:02:10]} cxd4 {[%emt 0:00:23]} 41. Qxd6 {[%emt 0:00:10]} Nxd6 {[%emt 0:00:03]} 42. Rxd4 {[%emt 0:00:07]} g6 {[%emt 0:01:24]} 43. Kg1 {[%emt 0:00:44]} Kg7 {[%emt 0:00:50]} 44. Rd2 {[%emt 0:00:25]} Rc8 {[%emt 0:00:20]} 45. Re3 {[%emt 0:00:36]} Rc5 {[%emt 0:00:22]} 46. Rde2 {[%emt 0:00:42]} Rcxd5 {[%emt 0:00:27]} 47. Bxe4 {[%emt 0:00:30]} Nxe4 {[%emt 0:00:20]} 48. Rxe4 {[%emt 0:00:01]} Rxe4 {[%emt 0:00:06]} 49. Rxe4 {[%emt 0:00:05]} Rd3 {[%emt 0:00:03]} 50. Kf2 {[%emt 0:01:24]} Rxb3 {[%emt 0:00:06]} 51. Re6 {[%emt 0:00:05]} Rb4 {[%emt 0:01:45]} 52. Rc6 {[%emt 0:00:12]} Kf7 {[%emt 0:00:34]} 53. Kf3 {[%emt 0:00:26]} Rxa4 {[%emt 0:01:03]} 54. Rxb6 {[%emt 0:00:06]} Rg4 {[%emt 0:00:06]} 55. Ra6 {[%emt 0:00:16]} a4 {[%emt 0:00:04]} 56. Rd6 {[%emt 0:01:57]} Ke7 {[%emt 0:00:09]} 57. Rd3 {[%emt 0:00:21]} Rb4 {[%emt 0:00:36]} 58. Rd5 {[%emt 0:00:44]} Ke6 {[%emt 0:00:50]} 59. Ra5 {[%emt 0:00:23]} Rg4 {[%emt 0:00:16]} 60. Kf2 {[%emt 0:00:39]} Kd6 {[%emt 0:00:06]} 61. Kf3 {[%emt 0:00:09]} Kc6 {[%emt 0:00:06]} 62. Kf2 {[%emt 0:00:15]} Kb6 {[%emt 0:00:14]} 63. Ra8 {[%emt 0:00:13]} Kb5 {[%emt 0:00:04]} 64. Kf3 {[%emt 0:00:26]} Kb4 {[%emt 0:00:06]} 65. Rb8+ {[%emt 0:01:32]} Kc3 {[%emt 0:00:06]} 66. Ra8 {[%emt 0:00:25]} Kb3 {[%emt 0:00:04]} 67. Rb8+ {[%emt 0:00:56]} Rb4 {[%emt 0:00:16]} 68. Re8 {[%emt 0:00:19]} a3 {[%emt 0:00:43]} 69. Re3+ {[%emt 0:00:25]} Ka4 {[%emt 0:00:10]} 70. Re6 {[%emt 0:00:23]} a2 {[%emt 0:00:19]} 71. Re8 {[%emt 0:00:50]} Ka3 {[%emt 0:01:50]} 0-1

[Event "Oslo Chess Festival 2017"]
[Site "Oslo"]
[Date "2017.09.30"]
[Round "2"]
[White "Vitenberg, Noam Aviv"]
[Black "Chu, Wei Chao"]
[Result "0-1"]
[WhiteElo "1989"]
[BlackElo "2340"]
[Annotator "NA"]
[PlyCount "164"]
[EventDate "2017.??.??"]
[EventType "swiss"]
[EventCountry "NOR"]
[SourceTitle "playchess.com"]
[Source "ChessBase"]
[SourceQuality "1"]
[TimeControl "5400+30"]

1. d4 {[%emt 0:00:07]} Nf6 {[%emt 0:00:10]} 2. c4 {[%emt 0:00:15]} c5 {[%emt 0:00:05]} 3. d5 {[%emt 0:00:21]} e6 {[%emt 0:00:12]} 4. Nc3 {[%emt 0:00:13]} exd5 {[%emt 0:00:05]} 5. cxd5 {[%emt 0:01:02]} d6 {[%emt 0:00:06]} 6. e4 {[%emt 0:00:12]} g6 {[%emt 0:00:05]} 7. h3 {[%emt 0:00:20]} Bg7 {[%emt 0:00:08]} 8. Nf3 {[%emt 0:00:05]} O-O {[%emt 0:00:05]} 9. Bd3 {[%emt 0:00:45]} a6 {[%emt 0:01:44]} 10. a4 {[%emt 0:00:28]} Nbd7 {[%emt 0:00:05]} 11. O-O {[%emt 0:08:51]} Ne8 {[%emt 0:02:51] A70: Modern Benoni: 6 e4 g6 7 Nf3} (11... Nh5 12. Bg5 Bf6 13. Be3 Re8 14. Qd2 Ne5 15. Be2 Nxf3+ 16. Bxf3 Ng7 {½-½ (16) Kazhgaleyev,M (2594)-Ponomariov,R (2709) chess.com INT 2017}) 12. Bf4 {[%emt 0:17:14] LiveBook: 6 Games} Qe7 {[%emt 0:02:31]} 13. a5 {[%emt 0:02:52]} Rb8 {[%emt 0:02:27]} 14. Qe2 $146 {[%emt 0:01:05]} ({Predecessor:} 14. Re1 Nc7 15. Bf1 Ne5 16. Nxe5 Bxe5 17. Bxe5 Qxe5 18. Qd2 b6 19. axb6 Rxb6 {0-1 (49) Pantovic,D (2132)-Milenkovic,M (2373) Vrnjacka Banja 2014}) 14... Nc7 {[%emt 0:01:32]} 15. Nd1 {[%emt 0:10:25]} b5 {[%emt 0:12:03]} 16. axb6 {[%emt 0:01:40]} Rxb6 {[%emt 0:00:06]} 17. Re1 {[%emt 0:14:55]} Re8 {[%emt 0:04:29]} 18. Qc2 {[%emt 0:12:38]} Ne5 {[%emt 0:04:44]} 19. Nxe5 {[%emt 0:01:48]} Bxe5 {[%emt 0:00:06]} 20. Bxe5 {[%emt 0:00:13]} Qxe5 {[%emt 0:00:04]} 21. Re2 {[%emt 0:00:09]} Nb5 {[%emt 0:01:11]} 22. Bxb5 {[%emt 0:01:46]} axb5 {[%emt 0:00:02]} 23. Ra8 {[%emt 0:07:30]} Ra6 {[%emt 0:00:15]} 24. Rxa6 {[%emt 0:00:37]} Bxa6 {[%emt 0:00:02]} 25. b4 {[%emt 0:01:00]} Rc8 {[%emt 0:07:20]} ({Better is} 25... Qa1 $15) 26. Qa2 {[%emt 0:00:55]} Ra8 {[%emt 0:00:17]} 27. Qb2 {[%emt 0:02:25]} Qxb2 {[%emt 0:05:54]} 28. Rxb2 {[%emt 0:03:14]} Bc8 {[%emt 0:00:07]} 29. Nc3 {[%emt 0:01:09]} Bd7 {[%emt 0:01:32]} 30. Ra2 {[%emt 0:02:02]} Rc8 {[%emt 0:00:02]} 31. Ne2 {[%emt 0:03:53]} (31. Rb2 $15) 31... cxb4 {[%emt 0:00:44]} 32. f3 {[%emt 0:01:18]} (32. Rb2 $17) 32... b3 {[%emt 0:05:45]} 33. Ra1 {[%emt 0:01:08]} b2 {[%emt 0:01:55]} 34. Rb1 {[%emt 0:00:24]} Rc2 {[%emt 0:00:05]} 35. Kf2 {[%emt 0:00:23]} b4 {[%emt 0:01:12]} 36. Ke3 {[%emt 0:00:33]} f5 {[%emt 0:00:10]} 37. g4 {[%emt 0:01:59]} fxe4 {[%emt 0:00:16]} 38. fxe4 {[%emt 0:00:07]} Kg7 {[%emt 0:00:09]} 39. Kd3 {[%emt 0:01:26]} b3 {[%emt 0:01:00]} 40. Nd4 {[%emt 0:00:23]} Rh2 {[%emt 0:00:10]} 41. Nxb3 {[%emt 0:00:15]} Rxh3+ {[%emt 0:00:30]} 42. Kc4 {[%emt 0:01:09]} Re3 {[%emt 0:02:54]} (42... Kf6 $17 43. Rxb2 Ke5) 43. Nd2 {[%emt 0:00:29]} Bxg4 {[%emt 0:00:05]} 44. Kd4 {[%emt 0:00:46]} Re2 {[%emt 0:00:17]} 45. Rxb2 {[%emt 0:00:10]} h5 {[%emt 0:00:04]} 46. Rb7+ {[%emt 0:00:33]} Kh6 {[%emt 0:00:35]} 47. Nc4 {[%emt 0:00:11]} h4 {[%emt 0:00:12]} 48. Nxd6 {[%emt 0:00:30] [#]} h3 $11 {[%emt 0:01:46]} (48... Kg5 $1 $17 49. Rb1 h3) 49. Nf7+ {[%emt 0:01:31]} Kh5 {[%emt 0:00:07]} 50. Ne5 {[%emt 0:01:40]} h2 {[%emt 0:00:07]} 51. Rh7+ {[%emt 0:00:14]} Kg5 {[%emt 0:00:03]} 52. Nxg4 {[%emt 0:00:57]} Kxg4 {[%emt 0:00:02]} 53. Kd3 {[%emt 0:00:19]} Ra2 {[%emt 0:02:30]} 54. d6 {[%emt 0:00:39]} Ra3+ {[%emt 0:00:05]} 55. Kd2 {[%emt 0:00:40]} Rh3 {[%emt 0:02:33]} 56. Rxh3 {[%emt 0:00:17]} Kxh3 {[%emt 0:00:05]} 57. d7 {[%emt 0:00:03]} h1=Q {[%emt 0:00:07]} 58. d8=Q {[%emt 0:00:10]} Qxe4 {[%emt 0:00:04]} 59. Qh8+ {[%emt 0:01:21]} Kg3 {[%emt 0:01:14]} 60. Qc3+ {[%emt 0:00:38]} Qf3 {[%emt 0:00:10]} 61. Qg7 {[%emt 0:00:30]} Qf4+ {[%emt 0:00:17]} 62. Ke2 {[%emt 0:00:23]} g5 {[%emt 0:01:15]} 63. Qc3+ {[%emt 0:00:29]} Kh2 {[%emt 0:00:06]} 64. Qh8+ {[%emt 0:00:38]} Kg2 {[%emt 0:00:20]} 65. Qa8+ {[%emt 0:00:25]} Kg3 {[%emt 0:00:06]} 66. Qa3+ {[%emt 0:00:44]} Kh2 {[%emt 0:00:05]} 67. Qe7 {[%emt 0:00:19]} g4 {[%emt 0:00:35]} 68. Ke1 {[%emt 0:00:44]} g3 {[%emt 0:00:36]} 69. Qh7+ {[%emt 0:00:16]} Kg1 {[%emt 0:00:10]} 70. Qg6 {[%emt 0:00:51]} Qe3+ {[%emt 0:01:18]} 71. Kd1 {[%emt 0:00:28]} g2 {[%emt 0:00:04]} 72. Qf5 {[%emt 0:00:35]} Kh2 {[%emt 0:00:56]} 73. Qh5+ {[%emt 0:00:27]} Kg3 {[%emt 0:00:06]} 74. Qg6+ {[%emt 0:00:25]} Kf2 {[%emt 0:00:08]} 75. Qc2+ {[%emt 0:00:21]} Kf1 {[%emt 0:00:03]} 76. Qc4+ {[%emt 0:00:32]} Kg1 {[%emt 0:00:05]} 77. Qg4 {[%emt 0:00:27]} Qf2 {[%emt 0:04:11]} 78. Qh3 {[%emt 0:00:50]} Qd4+ {[%emt 0:00:13]} 79. Ke1 {[%emt 0:00:36]} Qe4+ {[%emt 0:00:12]} 80. Kd2 {[%emt 0:00:30]} Kf2 {[%emt 0:00:35]} 81. Qh2 {[%emt 0:00:26]} Qe3+ {[%emt 0:00:10]} 82. Kd1 {[%emt 0:00:36]} Qg3 {[%emt 0:00:09]} 0-1